Mario Roberto Alvárez

Bibliographic Details
Main Author: Trabucco, Marcelo A
Format: Section = Libro
Language:Undetermined
Spanish
Published: Buenos Aires Instituto de Arte Americano e Investigaciones Estéticas 1965
Subjects:
LEADER 00469nam a2200169Ia 4500
008 240829s9999 xx 000 0 und d
040 |a BIBLIOTECA-RUSB/ 720.8212 T757 
041 |a spa 
082 |a 720.8212 T757 
100 1 |a Trabucco, Marcelo A 
245 1 0 |a Mario Roberto Alvárez 
260 |a Buenos Aires  |b Instituto de Arte Americano e Investigaciones Estéticas  |c 1965 
300 |a 76 p. :il. 
650 7 |a ARQUITECTURA 
942 |c BK  |2 ddc 
991 |a TEXTO 
999 |c 5051